000
00311nam a22001337a 4500
008
170717b xxu||||| |||| 00| 0 eng d
020
_a
0896938525
041
_a
eng
080
_a
2
100
_a
24
101
_a
TEO
245
_a
WILLMINGTON'S SURVEY OF THE OLD TESTAMENT
_c
WILLMINGTON,H.L
942
_2
udc
_c
BK
999
_c
21289
_d
21289